00507nam a2200181 a 450000100060000000300090000600800410001504000280005608200130008410000200009724500670011726000570018430000100024149000360025165000130028765000120030065000130031210373CO-ViMGA141112s2004 ck r 000 u spa d aCO-ViMGAbspacCO-ViMGA04a986 F74d1 aFriede ; Juan, 10aDocumentos ineditos para la historia de Colombia - 1545 - 1547 aBogotá : bAcademia Colombiana de Historia, c1960 a390p. aAcademia Colombiana de Historia14aCOLOMBIA14aFUENTES14aHISTORIA